[Event "New Zealand Seniors Chess Championship 2016"]
[Site "Mt Maunganui NZL"]
[Date "2016.04.25"]
[Round "5.1"]
[White "Smith, Robert W"]
[Black "Dive, Russell J"]
[Result "1/2-1/2"]
[WhiteElo "2337"]
[BlackElo "2452"]
[EventDate "2016.04.23"]
[PlyCount "0"]
[SourceDate ""]

1.e4 e5 2.Nf3 Nf6 3.d3 Nc6 4.c3 Be7 5.Be2 d5 6.Nbd2 h6 7.O-O O-O 8.h3 Re8 
9.Re1 Bf8 10.Bf1 Be6 11.Qc2 a5 12.a4 Nd7 13.g4 h5 14.exd5 Bxd5 15.Ne4 hxg4
16.hxg4 Nc5 17.Be3 Qd7 18.Nh4 Ne6 19.Bg2 Rad8 20.Rad1 Ne7 21.d4 exd4 22.
Bxd4 Qc8 23.Be3 Bc6 24.Ng5 Nxg5 25.Bxg5 Rxd1 26.Rxd1 Bxg2 27.Kxg2 Qe6 28.
Bf4 Nd5 29.Bg3 c6 30.Rd2 Bc5 31.Qf5 Qe1 32.Nf3 Qe4 33.c4 Qxf5 34.gxf5 Nf6 
35.Ng5 Bb4 36.Rd3 Kf8 37.Kf3 g6 38.fxg6 fxg6 39.Re3 Rxe3+ 40.Kxe3 1/2-1/2

[Event "New Zealand Seniors Chess Championship 2016"]
[Site "Mt Maunganui NZL"]
[Date "2016.04.25"]
[Round "5.2"]
[White "Marko, Helmut S"]
[Black "Kerr, Grant"]
[Result "1-0"]
[WhiteElo "1993"]
[BlackElo "1658"]
[EventDate "2016.04.23"]
[PlyCount "0"]
[SourceDate ""]

1.Nf3 d5 2.c4 d4 3.d3 Nc6 4.g3 g6 5.Bg2 Bg7 6.O-O e5 7.Na3 Nge7 8.Ne1 O-O 
9.e4 dxe3 10.fxe3 Be6 11.Nac2 a5 12.b3 Qd7 13.Bb2 Rad8 14.Qe2 Bg4 15.Qf2 
h6 16.Rb1 Bh3 17.a3 Bxg2 18.Kxg2 f5 19.Qe2 g5 20.h3 Ng6 21.Kh2 f4 22.gxf4 
gxf4 23.e4 Qd6 24.Rd1 Qe6 25.Nf3 Rd7 26.Rd2 Kh7 27.Rg1 Rfd8 28.Nce1 Bf6 
29.Rg4 Rg7 30.Qf1 Qe7 31.Rg1 Rdg8 32.Rdg2 b6 33.Qf2 Nh4 34.Rxg7+ Rxg7 35.
Rxg7+ Kxg7 36.Qg1+ Kh7 37.Qg4 Nxf3+ 38.Nxf3 Qg7 39.Bc3 Qxg4 40.hxg4 Kg6 
41.Kh3 h5 42.b4 axb4 43.axb4 hxg4+ 44.Kxg4 Kf7 45.b5 Nd4 46.Bxd4 exd4 47.
Kxf4 Ke6 48.e5 Be7 49.Nxd4+ 1-0

[Event "New Zealand Seniors Chess Championship 2016"]
[Site "Mt Maunganui NZL"]
[Date "2016.04.25"]
[Round "5.3"]
[White "Jackson, L Ross"]
[Black "Gibbons, Robert E"]
[Result "1/2-1/2"]
[WhiteElo "2027"]
[BlackElo "2075"]
[EventDate "2016.04.23"]
[PlyCount "0"]
[SourceDate ""]

1.d4 d6 2.e4 Nd7 3.Nf3 e5 4.c3 Ngf6 5.Qc2 Be7 6.g3 c6 7.Bg2 O-O 8.O-O Qc7 
9.Nh4 Re8 10.Nf5 Bf8 11.Nd2 g6 12.Ne3 Bg7 13.b3 c5 14.dxc5 Nxc5 15.Bb2 Be6
16.b4 Ncd7 17.c4 Rec8 18.Rfc1 a5 19.a3 Qb6 20.Bc3 axb4 21.axb4 Rxa1 22.
Rxa1 Bh6 23.c5 dxc5 1/2-1/2

[Event "New Zealand Seniors Chess Championship 2016"]
[Site "Mt Maunganui NZL"]
[Date "2016.04.25"]
[Round "5.4"]
[White "Yee, Stanley"]
[Black "Morrell, Gordon"]
[Result "0-1"]
[WhiteElo "2016"]
[BlackElo "2181"]
[EventDate "2016.04.23"]
[PlyCount "0"]
[SourceDate ""]

1.e4 e5 2.Nf3 Nc6 3.Bb5 a6 4.Ba4 Nf6 5.Qe2 b5 6.Bb3 Be7 7.c3 O-O 8.O-O d5 
9.exd5 e4 10.dxc6 Bg4 11.d4 exf3 12.gxf3 Bh3 13.Rd1 Re8 14.Be3 Bd6 15.Nd2 
Nh5 16.Ne4 Nf4 17.Bxf4 Bxf4 18.Kh1 Qh4 19.Qc2 Bg4 20.Ng3 Bxf3+ 21.Kg1 Qh3 
0-1

[Event "New Zealand Seniors Chess Championship 2016"]
[Site "Mt Maunganui NZL"]
[Date "2016.04.25"]
[Round "5.5"]
[White "Bennett, Hilton P"]
[Black "Smith, Vivian J"]
[Result "1-0"]
[WhiteElo "2052"]
[BlackElo "1835"]
[EventDate "2016.04.23"]
[PlyCount "0"]
[SourceDate ""]

1.e4 d6 2.Nc3 Nf6 3.f4 c6 4.Nf3 e6 5.d3 Be7 6.g3 O-O 7.Bg2 Nbd7 8.O-O a5 
9.a4 h6 10.h3 e5 11.f5 Nh7 12.h4 Ndf6 13.Nh2 Nd7 14.Be3 Ndf6 15.Bf2 Kh8 
16.Qe2 Bd7 17.Be3 Ng8 18.Nd1 c5 19.b3 Ngf6 20.Nf2 b6 21.Nh3 Ng8 22.Qf2 b5 
23.axb5 Bxb5 24.Kh1 Ngf6 25.g4 Ng8 26.Nf3 Nhf6 27.Qg3 Nh7 28.g5 h5 29.Rg1 
Qd7 30.Nf2 Rfc8 31.f6 gxf6 32.Bh3 Qe8 33.Bxc8 Rxc8 34.gxf6 Bxf6 35.Rxa5 
Bd7 36.Ra7 Qe6 37.Ng5 Bxg5 38.Bxg5 Re8 39.Rxd7 1-0

[Event "New Zealand Seniors Chess Championship 2016"]
[Site "Mt Maunganui NZL"]
[Date "2016.04.25"]
[Round "5.7"]
[White "Cooper, David J"]
[Black "Spiller, Paul S"]
[Result "1/2-1/2"]
[WhiteElo "2106"]
[BlackElo "2003"]
[EventDate "2016.04.23"]
[PlyCount "0"]
[SourceDate ""]

1.e4 c6 2.d4 d5 3.Nc3 dxe4 4.Nxe4 Nf6 5.Nxf6+ gxf6 6.Bf4 Qb6 7.b3 e5 8.
dxe5 fxe5 9.Bd2 Bg7 10.Bc4 Bf5 11.g4 Be4 12.f3 Bd5 13.Bxd5 cxd5 14.c3 Nd7 
15.Qc2 Rc8 16.Ne2 d4 17.Qf5 dxc3 18.Bxc3 Rxc3 19.Nxc3 e4 20.Qxe4+ Kd8 21.
O-O-O Bxc3 22.Qf5 Qc6 23.Rxd7+ Qxd7 24.Rd1 Bb2+ 25.Kc2 Bd4 26.Qxd7+ Kxd7 
27.Rxd4+ Ke6 28.Kd3 Rc8 29.Re4+ Kf6 30.h4 Rd8+ 31.Rd4 Rb8 32.Ke3 Re8+ 33.
Re4 Rc8 34.Kf4 Rc2 35.a4 Rc3 36.Rb4 b6 37.Rb5 h6 38.g5+ hxg5+ 39.hxg5+ Kg6
40.Kg4 Rc1 41.Rd5 Rg1+ 42.Kf4 Rb1 43.Rd6+ Kg7 44.Rd3 Kg6 1/2-1/2

[Event "New Zealand Seniors Chess Championship 2016"]
[Site "Mt Maunganui NZL"]
[Date "2016.04.25"]
[Round "5.8"]
[White "Cooper, Nigel"]
[Black "Findlay, John"]
[Result "1-0"]
[WhiteElo "1764"]
[BlackElo "1617"]
[EventDate "2016.04.23"]
[PlyCount "0"]
[SourceDate ""]

1.f4 e5 2.fxe5 d6 3.exd6 Bxd6 4.Nf3 g5 5.e4 g4 6.Bb5+ c6 7.Bc4 gxf3 8.Qxf3
Qe7 9.O-O Bc5+ 10.Kh1 Be6 11.Bxe6 Qxe6 12.Qc3 Nd7 13.Qxh8 O-O-O 14.Qxh7 
Ngf6 15.Qf5 Qxe4 16.Nc3 Qh4 17.g3 Qh8 18.d3 Nh5 19.Ne4 Rg8 20.Bf4 Ng7 21.
Be5 Nxf5 22.Bxh8 Ne3 23.Nxc5 Nxf1 24.Rxf1 Rxh8 25.Nxd7 1-0